000 01020nab a22002177a 4500
999 _c6277
_d6277
003 OSt
005 20260128210837.0
008 190514b xxu||||| |||| 00| 0 spa d
040 _cPJ
100 _96532
_aBaroni, Evangelina
245 1 0 _aUna nueva noción de familia :
_bla familia multiespecie /
_cEvangelina Baroni.
300 _ap. 214-218
500 _aCita: TR LALEY AR/DOC/2709/2025.
505 _aSumario: I. Introducción.— II. Los antecedentes fácticos de la sentencia.— III. Fundamentos del magistrado. Análisis crítico.— IV. Palabras finales.
505 _tFallo comentado: JDistrito Nro. 3 Familia, Venado Tuerto ~ 03/07/2025 ~ A., M. A. c. T., C. K. s/ medida innovativa.
650 0 _9967
_aDERECHO DE FAMILIA
650 0 _9470
_aRELACIONES DE FAMILIA
650 0 _91057
_aJURISPRUDENCIA APLICABLE
773 0 _02844
_93222
_dBuenos Aires : AbeledoPerrot, 1989-
_tDerecho de familia. Revista Interdisciplinaria de doctrina y jurisprudencia. Diciembre 2025-VI.
_z18511201
942 _2udc
_cANA